=LDR 00000nam 2200000 4500 =001 INLIS000000000004650 =005 20130612092921 =008 ***********************************Ind** =035 ##$$0010-061300000004650 =041 ##$$a Ind =082 ##$$a 410.7 =090 ##$$a 410, Sur m =100 ##$$a Surana =245 ##$$a Materi pelajaran bahasa indonesia untuk SLTP kelas 1 / Surana =260 ##$$a 1998 $b Solo : Tiga serangkai =300 ##$$a ... Jil. : ilus. ; 25 cm =650 ##$$a Bahsa Indonesia - Pelajaran =850 ##$$a NBPNMAT